E13(東北中央道)のIC - Statistics

General Stats
  • This quiz has been taken 44 times
    37 since last reset
  • The average score is 24 of 46
Answer Stats
Answers % Correct
JCT 福島
87%
PA/SIC 山形
84%
JCT 山形
84%
IC 天童
84%
IC 東根
84%
IC 村山
84%
IC 新庄
81%
IC 米沢中央
77%
IC 山形中央
77%
IC 米沢北
74%
IC 尾花沢
74%
IC 湯沢
71%
IC 横手
71%
IC 相馬
68%
JCT 桑折
68%
IC かみのやま温泉
68%
PA 南陽
65%
IC 舟形
61%
IC 霊山
58%
IC 東根北
55%
IC 福島大笹生
52%
IC 南陽高畠
52%
IC 尾花沢北
52%
IC 米沢八幡原
48%
IC 山形上山
48%
IC 十文字
48%
IC 雄勝こまち
45%
IC 伊達中央
42%
IC 新庄鮭川
42%
IC 新庄真室川
42%
IC 大石田村山
39%
IC 相馬山上
35%
IC 霊山飯舘
35%
IC 伊達桑折
35%
IC 村山本飯田
35%
IC 及位
32%
IC 相馬玉野
29%
IC 村山名取
26%
IC 野黒沢
26%
IC 上院内
23%
IC 下院内
23%
IC 金山北
19%
IC 中田
19%
IC 三関
19%
IC 川原子
16%
IC 須川
13%
No matching quizzes found
Score Distribution
Percent of People with Each Score
Percentile by Number Answered
Your Score History
You have not taken this quiz since the last reset